| 000 | 00618nam a22002057a 4500 | ||
|---|---|---|---|
| 003 | OSt | ||
| 005 | 20230810144247.0 | ||
| 008 | 230810b |||||||| |||| 00| 0 eng d | ||
| 020 | _a063119536x | ||
| 040 | _cChuka University Library | ||
| 050 |
_aP 118 _b.C37 1999 |
||
| 100 |
_aCrain,Stephen and Dianne Lillo-Martin _911937 |
||
| 245 | _aAn introduction to linguistic theory and language acquisition | ||
| 260 |
_aOxford _bOUP _c1999 |
||
| 300 | _a424p | ||
| 650 |
_aLanguage acquisition _911901 |
||
| 650 |
_aGrammar,comparative and general _911938 |
||
| 650 |
_aPsycholinguisitics _911939 |
||
| 942 |
_2lcc _cBK _n0 |
||
| 999 |
_c15191 _d15191 |
||